The Gypsies of Eastern Europe
Saved in:
| Other Authors: | , |
|---|---|
| Format: | Book |
| Language: | English |
| Published: |
Armonk :
M. E. Sharpe,
c1991
|
| Subjects: | |
| Tags: |
Add Tag
No Tags, Be the first to tag this record!
|
MARC
| LEADER | 00000nam a2200000 i 4500 | ||
|---|---|---|---|
| 001 | 1/24273 | ||
| 008 | 981201s1991 eng d | ||
| 020 | |a 0-87332-671-7 | ||
| 035 | |l 10037055 | ||
| 040 | |a GR-MY-UA |b gre |e aacr | ||
| 041 | 0 | |a eng | |
| 082 | 0 | |a 305.891497 | |
| 245 | 1 | 4 | |a The Gypsies of Eastern Europe / |c Edited by David M. Crowe and John Kolsti ; with an introduction by Ian Hancock |
| 260 | |a Armonk : |b M. E. Sharpe, |c c1991 | ||
| 300 | |a 194 p. | ||
| 504 | |a Includes bibliographical references and index | ||
| 650 | 0 | 0 | |a Romanies |z Europe, Eastern. |
| 651 | 0 | |a Europe, Eastern |x Ethnic relations. | |
| 700 | 1 | |a Crowe, David. |4 edt | |
| 700 | 1 | |a Kolsti, John. |4 edt | |
| 852 | |a INST |b LESVOS |e 19981201 |h 305.891497 GYP |p 005100017328 |q 005100017328 |t BK |y 0 | ||
| 901 | |a BIBL-1999-1 | ||
| 909 | |a Λ |b 059841 | ||
| 922 | |a 1ΕΛΗ |b 199810 |c ΚΠΣ/ΤΚΑ |d ΠΑΠΑΣΩΤΗΡΙΟΥ | ||
| 950 | |a 117-1998-07-08 | ||